000
00231nam a2200097Ia 4500
005
20251222114412.0
008
251222s1900||||xx |||||||||||||| ||spa||
082
_a
DVD0180/W56/2003
245
0
_a
SueƱos del mal:The Wisher
942
_c
DVD
999
_c
2094
_d
2094